<The> Integrative management model for restructuring small and medium-sized enterprises (SME)
Súhrn literatúry a empirických údajov venujúcich sa problematike reštrukturalizácie. Definícia a príčiny jednotlivých typov reštrukturalizácie v európskych krajinách. Prezentácia integrovaného modelu reštrukturalizácie malých a stredných podnikov. Prínos použitia navrhovaného modelu, ktorý špecifiku...
Saved in:
| Main Author: | |
|---|---|
| Format: | Book Chapter |
| Language: | English |
| Subjects: | |
| Tags: |
No Tags, Be the first to tag this record!
|
MARC
| LEADER | 00000naa a2200000 4500 | ||
|---|---|---|---|
| 001 | 0236507 | ||
| 005 | 20220719115512.2 | ||
| 041 | 0 | |a eng | |
| 044 | |a CZ | ||
| 245 | 1 | 0 | |a <The> Integrative management model for restructuring small and medium-sized enterprises (SME) |c Andrius Tamošiūnas |
| 520 | |a Súhrn literatúry a empirických údajov venujúcich sa problematike reštrukturalizácie. Definícia a príčiny jednotlivých typov reštrukturalizácie v európskych krajinách. Prezentácia integrovaného modelu reštrukturalizácie malých a stredných podnikov. Prínos použitia navrhovaného modelu, ktorý špecifikuje všetky fázy príslušných techník a činností reštrukturalizácie. | ||
| 610 | 2 | 0 | |a reštrukturalizácia |
| 610 | 2 | 0 | |a podnik stredný |
| 610 | 2 | 0 | |a podnik malý |
| 610 | 2 | 0 | |a integrácia |
| 610 | 2 | 0 | |a systémy integrované manažérske |
| 610 | 2 | 0 | |a modelovanie ekonometrické |
| 100 | 1 | |a Tamošiūnas, Andrius | |